The magic of thinking big / (Record no. 9926)
[ view plain ]
| 000 -LEADER | |
|---|---|
| fixed length control field | 01694pam a2200289 a 4500 |
| 001 - CONTROL NUMBER | |
| control field | 9926 |
| 003 - CONTROL NUMBER IDENTIFIER | |
| control field | FISKH |
| 005 - DATE AND TIME OF LATEST TRANSACTION | |
| control field | 20260317094808.0 |
| 008 - FIXED-LENGTH DATA ELEMENTS--GENERAL INFORMATION | |
| fixed length control field | 870331t19871965nyu 001 0 eng |
| 010 ## - LIBRARY OF CONGRESS CONTROL NUMBER | |
| LC control number | 87008516 |
| 020 ## - INTERNATIONAL STANDARD BOOK NUMBER | |
| International Standard Book Number | 0671646788 (pbk.) : |
| Terms of availability | $5.95 |
| 020 ## - INTERNATIONAL STANDARD BOOK NUMBER | |
| International Standard Book Number | 9780671646783 |
| 040 ## - CATALOGING SOURCE | |
| Original cataloging agency | DLC |
| Transcribing agency | DLC |
| Modifying agency | DLC |
| Language of cataloging | eng |
| 050 00 - LIBRARY OF CONGRESS CALL NUMBER | |
| Classification number | BF637.S8 |
| Item number | S36 1987 |
| 082 00 - DEWEY DECIMAL CLASSIFICATION NUMBER | |
| Classification number | 158/.1 |
| Edition number | 19 |
| 100 1# - MAIN ENTRY--PERSONAL NAME | |
| Personal name | Schwartz, David Joseph. |
| 245 14 - TITLE STATEMENT | |
| Title | The magic of thinking big / |
| Statement of responsibility, etc. | David Joseph Schwartz. |
| 260 ## - PUBLICATION, DISTRIBUTION, ETC. | |
| Place of publication, distribution, etc. | New York : |
| Name of publisher, distributor, etc. | Simon & Schuster, |
| Date of publication, distribution, etc. | 1965. |
| 300 ## - PHYSICAL DESCRIPTION | |
| Extent | 309 pages : |
| Other physical details | 22 cm |
| 500 ## - GENERAL NOTE | |
| General note | "A Fireside book." |
| 500 ## - GENERAL NOTE | |
| General note | Includes index. |
| 520 ## - SUMMARY, ETC. | |
| Summary, etc. | Business. Self-Improvement. Nonfiction. Economics. HTML:With more than six million copies sold worldwide, David Schwartz's timeless guide and bestselling phenomenon, The Magic of Thinking Big, is now available for the first time as an unabridged audio edition.<br/>Millions of people around the world have improved their lives through the timeless advice David Schwartz offers in The Magic of Thinking Big. In this bestselling audiobook, Schwartz proves you don't need innate talent to become successful, but you do need to understand the habit of thinking and behaving in ways that will get you there.<br/><br/>Filled with easy-to-understand advice, this unabridged audio edition�perfect for gift givingwill put you on the road to changing the way you think, helping you work better, manage smarter, earn more money, achieve your goals, and most importantly, live a fuller happier life. |
| 650 #0 - SUBJECT ADDED ENTRY--TOPICAL TERM | |
| Topical term or geographic name entry element | Success. |
| Source of heading or term | Personal Development |
| Form subdivision | Self-help |
| 906 ## - LOCAL DATA ELEMENT F, LDF (RLIN) | |
| a | 7 |
| b | cbc |
| c | orignew |
| d | 1 |
| e | ocip |
| f | 19 |
| g | y-gencatlg |
| 942 ## - ADDED ENTRY ELEMENTS (KOHA) | |
| Source of classification or shelving scheme | Dewey Decimal Classification |
| Koha item type | Books |
| Suppress in OPAC | No |
| Withdrawn status | Lost status | Source of classification or shelving scheme | Damaged status | Not for loan | Collection | Home library | Current library | Shelving location | Date acquired | Total Checkouts | Full call number | Barcode | Date last seen | Copy number | Price effective from | Koha item type |
|---|---|---|---|---|---|---|---|---|---|---|---|---|---|---|---|---|
| Dewey Decimal Classification | Non-Fiction | Footprints International School Library Network Toul Kork Campus | Footprints International School Library Network Toul Kork Campus | A TK Campus, 4th Floor, Room B401, Non-Fiction Bookcases(7-8) | 03/17/2026 | SCH 158.1 BF637 .S8 .S36 | 2026-0330 | 03/17/2026 | 1 | 03/17/2026 | Books |
